000 00568nam a2200217Ia 4500
003 OSt
005 20221007083244.0
006 a|||||r|||| 00| 0
007 ta
008 221006b |||||||| |||| 00| 0 eng d
024 _a38,460
037 _cTheseses
040 _aFLL
_cFLL
_beng
041 _2eng
_aeng
100 _aKumar Rekha A.
_9538087
245 0 _aVictims of rape in Indian criminal justice system
_b study of law and policy
260 _c2005
300 _axi,320p
_ccm.
942 _cDIS
_2CC
999 _c1169407
_d1169407